LDR 00931naa#a2200181#i#450# 001 EN\\bibl\125499 005 20260702142205.4 011 ## _a2658-4026 100 ## _a20260630b2026####ek#y0engy0150####ca 102 ## _aRU 200 1# _aRussian Projection Advertising: Ergonomics and Design Trends _eJournal article 210 1# _aBryansk _cBryansk State Technical University _d2026 215 ## _a8 с. 608 ## _aJournal article _2local 675 ## _aЭргономика. 331.101.1 _aСимволы. Аллегории. Эмблемы. Девизы. Геральдические знаки. Монограммы. 7.045 _aКомпьютерная графика. 004.92 _aОсобые зрительные средства рекламы. 659.136 _aТехнология как фактор, облегчающий труд человека. 331.101.52 _z 700 #1 _aKazakov _gEvgeny Andrevich 700 #1 _aMakarova _gTatiana Lvovna 856 4# _abstu.editorum.ru _u